[Event "GER Seniors Derby 08th"]
[Site "Wesel Undeloh"]
[Date "2009.04.19"]
[Round "7.16"]
[White "Klemm, Guenther"]
[Black "Bindernagel, Lothar"]
[Result "1-0"]
[WhiteElo "1805"]
[BlackElo "1383"]
[PlyCount "35"]
[EventDate "2009.04.16"]
[EventType "swiss"]
[EventRounds "7"]
[EventCountry "GER"]
[SourceTitle "EXT 2022"]
[Source "ChessBase"]
[SourceDate "2021.10.06"]
[SourceVersion "1"]
[SourceVersionDate "2021.10.06"]
[SourceQuality "1"]

1. f4 d5 2. Nf3 Nc6 3. d4 e6 4. e3 Be7 5. c3 a6 6. Bd3 h6 7. 0-0 Nf6 8. Nbd2 0-0 9. Ne5 Nh7 10. e4 Nxe5 11. fxe5 f6 12. exf6 Nxf6 13. e5 Nd7 14. Qg4 Rxf1+ 15. Nxf1 Qf8 16. Bxh6 Qf7 17. Ng3 Nf8 18. Nh5 1-0